Finančné aktuality dvojmesačník finančnej správy
Salvato in:
| Natura: | Periodico |
|---|---|
| Lingua: | slovacco |
| Pubblicazione: |
Bratislava
Finančná správa
|
| Soggetti: | |
| Tags: |
Nessun Tag, puoi essere il primo ad aggiungerne!!
|
MARC
| LEADER | 00000nas1a2200000 4500 | ||
|---|---|---|---|
| 001 | 0190319 | ||
| 005 | 20250108113408.0 | ||
| 041 | 0 | |a slo | |
| 044 | |a SK | ||
| 245 | 1 | 0 | |a Finančné aktuality |b dvojmesačník finančnej správy |
| 264 | 1 | |a Bratislava |b Finančná správa | |
| 500 | |a Do č. 2/2023 vychádzal s podnázvom: časopis o činnosti finančnej správy | ||
| 610 | 2 | 0 | |a správa finančná |
| 610 | 2 | 0 | |a správa daňová |
| 610 | 2 | 0 | |a správa colná |